[Event "DEM U10 2024"]
[Site "Willingen GER"]
[Date "2024.05.19"]
[Round "2"]
[White "Köbel, John"]
[Black "Schonlau, Leopold"]
[Result "0-1"]
[Termination "normal"]
[Board "23"]
[WhiteElo "1110"]
[BlackElo "1359"]
[WhiteClock "01:00:25"]
[BlackClock "00:35:12"]
[PlyCount "54"]
[WhiteFideId "34641394"]
[BlackFideId "34662545"]
[EventCountry "GER"]
[EventRounds "11"]
[EventType "swiss"]
[EventDate "2024.05.18"]

1. d4 {[%clk 01:15:59]} d5 {[%clk 01:15:55]} {[%emt 00:00:06]} 2. Nc3 {[%emt
00:00:06]} e6 {[%clk 01:16:12]} {[%emt 00:00:10]} 3. Bf4 {[%clk 01:16:45]}
{[%emt 00:00:10]} a6 {[%clk 01:16:28]} {[%emt 00:00:15]} 4. e3 {[%clk
01:16:49]} {[%emt 00:00:26]} c5 {[%clk 01:15:47]} {[%emt 00:01:10]} 5. Nf3
{[%clk 01:13:31]} {[%emt 00:03:49]} Nc6 {[%clk 01:13:28]} {[%emt 00:02:49]} 6.
Be2 {[%clk 01:13:14]} {[%emt 00:00:47]} Nf6 {[%clk 01:12:14]} {[%emt 00:01:43]}
7. O-O {[%clk 01:12:02]} {[%emt 00:01:43]} Be7 {[%clk 01:12:06]} {[%emt
00:00:37]} 8. Ne5 {[%clk 01:10:42]} {[%emt 00:01:50]} Bd6 {[%clk 01:09:54]}
{[%emt 00:02:42]} 9. Nxc6 {[%clk 01:10:58]} {[%emt 00:00:14]} bxc6 {[%clk
01:10:13]} {[%emt 00:00:11]} 10. Bxd6 {[%clk 01:11:22]} {[%emt 00:00:07]} Qxd6
{[%clk 01:10:32]} {[%emt 00:00:11]} 11. Na4 {[%clk 01:10:58]} {[%emt 00:00:54]}
c4 {[%clk 01:07:41]} {[%emt 00:03:20]} 12. b3 {[%clk 01:08:17]} {[%emt
00:03:11]} cxb3 {[%clk 01:04:06]} {[%emt 00:04:05]} 13. axb3 {[%clk 01:07:26]}
{[%emt 00:01:21]} h5 {[%clk 01:03:34]} {[%emt 00:01:01]} 14. Nb6 {[%clk
01:07:27]} {[%emt 00:00:30]} Ng4 {[%clk 01:01:44]} {[%emt 00:02:21]} 15. g3
{[%clk 01:06:33]} {[%emt 00:01:24]} Rb8 {[%clk 01:01:14]} {[%emt 00:00:59]} 16.
Nxc8 {[%clk 01:06:48]} {[%emt 00:00:16]} Rxc8 {[%clk 01:01:39]} {[%emt
00:00:05]} 17. Bxg4 {[%clk 01:07:06]} {[%emt 00:00:11]} hxg4 {[%clk 01:02:00]}
{[%emt 00:00:08]} 18. Qxg4 {[%clk 01:07:26]} {[%emt 00:00:11]} Kf8 {[%clk
01:00:16]} {[%emt 00:02:14]} 19. f4 {[%clk 01:07:36]} {[%emt 00:00:20]} c5
{[%clk 00:56:42]} {[%emt 00:04:03]} 20. f5 {[%clk 01:05:35]} {[%emt 00:02:32]}
cxd4 {[%clk 00:50:16]} {[%emt 00:06:56]} 21. fxe6 {[%clk 01:05:47]} {[%emt
00:00:19]} f6 {[%clk 00:49:21]} {[%emt 00:01:24]} 22. Qe2 {[%clk 01:03:38]}
{[%emt 00:02:35]} Qxe6 {[%clk 00:48:57]} {[%emt 00:00:57]} 23. Rxa6 {[%clk
01:03:42]} {[%emt 00:00:28]} Qe5 {[%clk 00:45:37]} {[%emt 00:03:49]} 24. Rf3
{[%clk 01:01:09]} {[%emt 00:03:03]} Re8 {[%clk 00:37:43]} {[%emt 00:08:23]} 25.
Ra7 {[%clk 01:00:53]} {[%emt 00:00:48]} Kg8 {[%clk 00:36:50]} {[%emt 00:01:22]}
26. g4 {[%clk 01:00:19]} {[%emt 00:01:04]} dxe3 {[%clk 00:36:48]} {[%emt
00:00:32]} 27. g5 {[%clk 01:00:25]} {[%emt 00:00:25]} Qxg5+ {[%clk 00:35:12]}
{[%emt 00:02:05]} 0-1

[Event "DEM U10 2024"]
[Site "Willingen GER"]
[Date "2024.05.19"]
[Round "2"]
[White "König, Marius"]
[Black "Elli, Emeric"]
[Result "0-1"]
[Termination "normal"]
[Board "24"]
[WhiteElo "1356"]
[BlackElo "1164"]
[WhiteClock "00:53:45"]
[BlackClock "00:53:07"]
[PlyCount "104"]
[WhiteFideId "533001812"]
[BlackFideId "533001790"]
[EventCountry "GER"]
[EventRounds "11"]
[EventType "swiss"]
[EventDate "2024.05.18"]

1. d4 {[%clk 01:15:58]} d5 {[%clk 01:15:23]} {[%emt 00:00:38]} 2. c4 {[%clk
01:16:24]} {[%emt 00:00:04]} c6 {[%clk 01:14:22]} {[%emt 00:01:31]} 3. Nc3
{[%clk 01:16:49]} {[%emt 00:00:05]} Nf6 {[%clk 01:14:23]} {[%emt 00:00:28]} 4.
Nf3 {[%clk 01:17:01]} {[%emt 00:00:18]} Bf5 {[%clk 01:11:02]} {[%emt 00:03:50]}
5. Bg5 {[%clk 01:16:23]} {[%emt 00:01:08]} e6 {[%clk 01:10:39]} {[%emt
00:00:54]} 6. e3 {[%clk 01:16:19]} {[%emt 00:00:34]} Be7 {[%clk 01:09:28]}
{[%emt 00:01:40]} 7. Be2 {[%clk 01:15:16]} {[%emt 00:01:34]} Nbd7 {[%emt
00:01:48]} 8. O-O {[%clk 01:14:56]} {[%emt 00:00:02]} h6 {[%clk 01:08:42]}
{[%emt 00:00:45]} 9. Bxf6 {[%clk 01:15:08]} {[%emt 00:00:19]} Bxf6 {[%clk
01:09:04]} {[%emt 00:00:08]} 10. Bd3 {[%clk 01:13:00]} {[%emt 00:02:38]} Bg4
{[%clk 01:08:37]} {[%emt 00:00:57]} 11. h3 {[%clk 01:12:46]} {[%emt 00:00:43]}
Bh5 {[%clk 01:08:25]} {[%emt 00:00:42]} 12. Be2 {[%clk 01:10:46]} {[%emt
00:02:31]} Nb6 {[%clk 01:04:05]} {[%emt 00:04:50]} 13. c5 {[%clk 01:10:37]}
{[%emt 00:00:39]} Nc8 {[%clk 01:03:50]} {[%emt 00:00:45]} 14. Nd2 {[%clk
01:10:41]} {[%emt 00:00:26]} Bg6 {[%clk 01:03:35]} {[%emt 00:00:44]} 15. e4
{[%clk 01:09:00]} {[%emt 00:02:12]} Bxd4 {[%clk 01:03:05]} {[%emt 00:01:00]}
16. exd5 {[%clk 01:07:31]} {[%emt 00:02:00]} exd5 {[%clk 01:02:21]} {[%emt
00:00:40]} 17. Re1 {[%clk 01:06:49]} {[%emt 00:01:44]} O-O {[%clk 01:02:10]}
{[%emt 00:00:42]} 18. Nf3 {[%clk 01:06:23]} {[%emt 00:00:56]} Bxc5 {[%clk
01:02:06]} {[%emt 00:00:34]} 19. Rc1 {[%clk 01:05:19]} {[%emt 00:01:34]} Nb6
{[%clk 01:01:05]} {[%emt 00:01:31]} 20. Nxd5 {[%clk 01:04:27]} {[%emt
00:01:22]} Bxf2+ {[%clk 01:00:02]} {[%emt 00:01:32]} 21. Kxf2 {[%clk 01:04:34]}
{[%emt 00:00:23]} Nxd5 {[%clk 01:00:11]} {[%emt 00:00:22]} 22. Qb3 {[%clk
01:03:53]} {[%emt 00:01:12]} Qb6+ {[%clk 00:59:47]} {[%emt 00:00:52]} 23. Qxb6
{[%clk 01:03:28]} {[%emt 00:01:43]} Nxb6 {[%clk 01:00:14]} {[%emt 00:00:15]}
24. Rc3 {[%clk 01:03:29]} {[%emt 00:00:30]} Nd5 {[%clk 00:59:52]} {[%emt
00:00:52]} 25. Rcc1 {[%clk 01:03:26]} {[%emt 00:00:33]} Rfe8 {[%clk 00:59:40]}
{[%emt 00:00:41]} 26. Bc4 {[%clk 01:01:27]} {[%emt 00:02:29]} Nb6 {[%clk
00:57:05]} {[%emt 00:03:05]} 27. Bb3 {[%clk 01:01:37]} {[%emt 00:00:21]} Re4
{[%clk 00:54:48]} {[%emt 00:02:47]} 28. Rxe4 {[%clk 01:00:57]} {[%emt
00:01:10]} Bxe4 {[%clk 00:54:47]} {[%emt 00:00:30]} 29. Re1 {[%clk 01:01:06]}
{[%emt 00:00:22]} Bxf3 {[%clk 00:54:07]} {[%emt 00:01:10]} 30. Kxf3 {[%clk
01:01:28]} {[%emt 00:00:08]} Nd5 {[%clk 00:54:11]} {[%emt 00:00:26]} 31. Bxd5
{[%clk 01:01:00]} {[%emt 00:00:57]} cxd5 {[%clk 00:54:30]} {[%emt 00:00:12]}
32. Re5 {[%clk 01:01:07]} {[%emt 00:00:23]} Rd8 {[%clk 00:54:32]} {[%emt
00:00:28]} 33. Ke3 {[%clk 01:00:37]} {[%emt 00:01:01]} Kf8 {[%clk 00:54:14]}
{[%emt 00:00:48]} 34. Kd4 {[%clk 01:00:45]} {[%emt 00:00:22]} g6 {[%clk
00:54:03]} {[%emt 00:00:40]} 35. b3 {[%clk 01:00:38]} {[%emt 00:00:37]} f6
{[%clk 00:53:51]} {[%emt 00:00:43]} 36. Rxd5 {[%clk 01:00:27]} {[%emt
00:00:40]} Rxd5+ {[%clk 00:53:37]} {[%emt 00:00:44]} 37. Kxd5 {[%clk 01:00:50]}
{[%emt 00:00:07]} Ke7 {[%clk 00:53:53]} {[%emt 00:00:13]} 38. b4 {[%clk
01:00:19]} {[%emt 00:01:02]} Kd7 {[%clk 00:53:49]} {[%emt 00:00:33]} 39. a4
{[%clk 01:00:22]} {[%emt 00:00:28]} b6 {[%clk 00:53:50]} {[%emt 00:00:28]} 40.
a5 {[%clk 00:59:34]} {[%emt 00:01:18]} h5 {[%clk 00:53:35]} {[%emt 00:00:45]}
41. axb6 {[%clk 00:57:55]} {[%emt 00:02:10]} axb6 {[%clk 00:53:51]} {[%emt
00:00:14]} 42. b5 {[%clk 00:58:00]} {[%emt 00:00:25]} h4 {[%clk 00:53:16]}
{[%emt 00:01:04]} 43. Ke4 {[%emt 00:00:48]} Kd6 {[%emt 00:01:10]} 44. Kd4
{[%clk 00:55:58]} {[%emt 00:00:35]} f5 {[%clk 00:53:09]} {[%emt 00:00:36]} 45.
Kc4 {[%clk 00:55:56]} {[%emt 00:00:33]} Ke5 {[%clk 00:53:13]} {[%emt 00:00:25]}
46. Kc3 {[%clk 00:55:36]} {[%emt 00:00:50]} Kd5 {[%clk 00:52:36]} {[%emt
00:01:08]} 47. Kb4 {[%clk 00:55:35]} {[%emt 00:00:31]} Kd4 {[%clk 00:52:36]}
{[%emt 00:00:29]} 48. Kb3 {[%clk 00:55:33]} {[%emt 00:00:33]} Kc5 {[%clk
00:52:34]} {[%emt 00:00:31]} 49. Ka4 {[%clk 00:55:44]} {[%emt 00:00:20]} Kc4
{[%clk 00:52:43]} {[%emt 00:00:20]} 50. Ka3 {[%clk 00:54:28]} {[%emt 00:01:47]}
Kxb5 {[%clk 00:53:09]} {[%emt 00:00:04]} 51. Kb3 {[%clk 00:53:25]} {[%emt
00:01:32]} Kc5 {[%clk 00:52:56]} {[%emt 00:00:45]} 52. Kc3 {[%clk 00:53:45]}
{[%emt 00:00:09]} g5 {[%clk 00:53:07]} {[%emt 00:01:07]} 0-1

[Event "DEM U10 2024"]
[Site "Willingen GER"]
[Date "2024.05.19"]
[Round "2"]
[White "Dintinger, Ata Lucien"]
[Black "Fabritius, Wolf"]
[Result "0-1"]
[Termination "normal"]
[Board "25"]
[WhiteElo "1096"]
[BlackElo "1426"]
[WhiteClock "00:53:56"]
[BlackClock "00:44:22"]
[PlyCount "112"]
[WhiteFideId "34654550"]
[BlackFideId "34632603"]
[EventCountry "GER"]
[EventRounds "11"]
[EventType "swiss"]
[EventDate "2024.05.18"]

1. e4 {[%clk 01:15:57]} {[%emt 00:00:03]} e6 {[%clk 01:15:54]} {[%emt
00:00:07]} 2. d4 {[%clk 01:16:22]} {[%emt 00:00:05]} d5 {[%clk 01:16:14]}
{[%emt 00:00:09]} 3. exd5 {[%clk 01:16:44]} {[%emt 00:00:08]} exd5 {[%clk
01:16:35]} {[%emt 00:00:09]} 4. c4 {[%clk 01:17:03]} {[%emt 00:00:11]} Nf6
{[%clk 01:16:57]} {[%emt 00:00:09]} 5. Nc3 {[%clk 01:17:18]} {[%emt 00:00:14]}
Bb4 {[%clk 01:17:13]} {[%emt 00:00:14]} 6. Nf3 {[%clk 01:17:26]} {[%emt
00:00:23]} O-O {[%clk 01:17:27]} {[%emt 00:00:16]} 7. a3 {[%clk 01:17:12]}
{[%emt 00:00:44]} Bxc3+ {[%clk 01:17:42]} {[%emt 00:00:14]} 8. bxc3 {[%clk
01:17:33]} {[%emt 00:00:06]} Re8+ {[%clk 01:18:04]} {[%emt 00:00:11]} 9. Be2
{[%clk 01:17:56]} {[%emt 00:00:07]} dxc4 {[%clk 01:18:14]} {[%emt 00:00:20]}
10. O-O {[%clk 01:18:15]} {[%emt 00:00:10]} Be6 {[%clk 01:18:23]} {[%emt
00:00:22]} 11. Bf4 {[%clk 01:18:28]} {[%emt 00:00:17]} Nc6 {[%clk 01:18:23]}
{[%emt 00:00:29]} 12. Ne5 {[%clk 01:18:01]} {[%emt 00:00:57]} Nxe5 {[%clk
01:17:25]} {[%emt 00:01:28]} 13. Bxe5 {[%clk 01:18:01]} {[%emt 00:00:31]} Nd7
{[%clk 01:16:41]} {[%emt 00:01:13]} 14. Bg3 {[%clk 01:18:03]} {[%emt 00:00:29]}
Nb6 {[%clk 01:16:36]} {[%emt 00:00:35]} 15. Bg4 {[%clk 01:17:06]} {[%emt
00:01:27]} Rc8 {[%clk 01:13:28]} {[%emt 00:03:37]} 16. Re1 {[%clk 01:16:34]}
{[%emt 00:01:02]} Bxg4 {[%clk 01:09:31]} {[%emt 00:04:28]} 17. Qxg4 {[%clk
01:16:35]} {[%emt 00:00:28]} Nd5 {[%clk 01:03:11]} {[%emt 00:06:50]} 18. Rxe8+
{[%clk 01:15:24]} {[%emt 00:01:41]} Qxe8 {[%clk 01:03:22]} {[%emt 00:00:19]}
19. Qf3 {[%clk 01:15:37]} {[%emt 00:00:17]} c6 {[%clk 01:02:26]} {[%emt
00:01:27]} 20. h3 {[%clk 01:15:44]} {[%emt 00:00:22]} Qe6 {[%clk 01:00:45]}
{[%emt 00:02:11]} 21. Rb1 {[%clk 01:14:07]} {[%emt 00:02:07]} b5 {[%clk
00:58:29]} {[%emt 00:02:47]} 22. Bf4 {[%clk 01:08:18]} {[%emt 00:06:19]} Qf6
{[%clk 00:57:22]} {[%emt 00:01:36]} 23. Qg4 {[%clk 01:05:45]} {[%emt 00:03:03]}
Ra8 {[%clk 00:55:30]} {[%emt 00:02:22]} 24. Be5 {[%clk 01:05:23]} {[%emt
00:00:52]} Qg6 {[%clk 00:55:06]} {[%emt 00:00:54]} 25. Qxg6 {[%clk 01:04:41]}
{[%emt 00:01:12]} hxg6 {[%clk 00:55:20]} {[%emt 00:00:15]} 26. Rc1 {[%clk
01:04:29]} {[%emt 00:00:43]} f6 {[%clk 00:54:47]} {[%emt 00:01:03]} 27. Bd6
{[%clk 01:04:35]} {[%emt 00:00:24]} Re8 {[%clk 00:54:16]} {[%emt 00:01:00]} 28.
Bc5 {[%clk 01:04:25]} {[%emt 00:00:41]} a6 {[%clk 00:54:08]} {[%emt 00:00:38]}
29. g4 {[%clk 01:04:15]} {[%emt 00:00:39]} Nf4 {[%clk 00:54:09]} {[%emt
00:00:29]} 30. Kh2 {[%clk 01:03:42]} {[%emt 00:01:04]} Nd3 {[%clk 00:54:00]}
{[%emt 00:00:40]} 31. Rf1 {[%clk 01:03:27]} {[%emt 00:00:44]} Nxc5 {[%clk
00:54:10]} {[%emt 00:00:19]} 32. dxc5 {[%emt 00:00:24]} Re5 {[%clk 00:54:26]}
{[%emt 00:00:12]} 33. Rd1 {[%clk 01:03:55]} {[%emt 00:00:11]} Rxc5 {[%clk
00:54:23]} {[%emt 00:00:32]} 34. Rd8+ {[%clk 01:04:17]} {[%emt 00:00:08]} Kh7
{[%clk 00:54:30]} {[%emt 00:00:24]} 35. Ra8 {[%clk 01:04:38]} {[%emt 00:00:09]}
Rd5 {[%clk 00:53:26]} {[%emt 00:01:34]} 36. Rxa6 {[%clk 01:04:27]} {[%emt
00:00:41]} Rd2 {[%clk 00:53:16]} {[%emt 00:00:40]} 37. Kg3 {[%clk 01:04:24]}
{[%emt 00:00:33]} Rd3+ {[%clk 00:53:32]} {[%emt 00:00:14]} 38. Kf4 {[%emt
00:01:34]} Rxc3 {[%clk 00:53:30]} {[%emt 00:00:31]} 39. a4 {[%clk 01:03:25]}
{[%emt 00:00:27]} g5+ {[%clk 00:52:48]} {[%emt 00:01:11]} 40. Ke4 {[%clk
01:03:47]} {[%emt 00:00:08]} Kg6 {[%clk 00:49:47]} {[%emt 00:03:31]} 41. Rxc6
{[%emt 00:02:21]} bxa4 {[%clk 00:49:45]} {[%emt 00:00:27]} 42. Kd4 {[%clk
01:02:13]} {[%emt 00:00:17]} Rxh3 {[%clk 00:48:07]} {[%emt 00:02:08]} 43. Rxc4
{[%emt 00:00:17]} a3 {[%emt 00:00:58]} 44. Ke4 {[%clk 00:59:55]} {[%emt
00:01:33]} Rh4 {[%clk 00:45:52]} {[%emt 00:02:45]} 45. Kf3 {[%clk 00:59:24]}
{[%emt 00:01:02]} Kh6 {[%clk 00:43:59]} {[%emt 00:02:23]} 46. Kg3 {[%clk
00:59:03]} {[%emt 00:00:51]} Rh1 {[%clk 00:42:46]} {[%emt 00:01:43]} 47. Ra4
{[%clk 00:54:45]} {[%emt 00:04:48]} Ra1 {[%clk 00:43:00]} {[%emt 00:00:16]} 48.
f4 {[%clk 00:55:00]} {[%emt 00:00:15]} gxf4+ {[%clk 00:42:14]} {[%emt
00:01:16]} 49. Kxf4 {[%clk 00:54:49]} {[%emt 00:00:40]} a2 {[%emt 00:00:38]}
50. Ra5 {[%clk 00:54:11]} {[%emt 00:00:39]} Rf1+ {[%clk 00:42:45]} {[%emt
00:00:20]} 51. Kg3 {[%clk 00:54:07]} {[%emt 00:00:34]} a1=Q {[%clk 00:42:50]}
{[%emt 00:00:25]} 52. Rh5+ {[%clk 00:54:24]} {[%emt 00:00:14]} Kg6 {[%clk
00:43:07]} {[%emt 00:00:13]} 53. Kh4 {[%clk 00:54:02]} {[%emt 00:00:52]} Qe1+
{[%clk 00:43:20]} {[%emt 00:00:16]} 54. Kh3 {[%clk 00:53:32]} {[%emt 00:01:01]}
Qe3+ {[%clk 00:43:39]} {[%emt 00:00:11]} 55. Kh2 {[%clk 00:53:45]} {[%emt
00:00:17]} Rf2+ {[%clk 00:43:59]} {[%emt 00:00:10]} 56. Kh1 {[%clk 00:53:56]}
{[%emt 00:00:18]} Qe1# {[%clk 00:44:22]} {[%emt 00:00:08]} 0-1

[Event "DEM U10 2024"]
[Site "Willingen GER"]
[Date "2024.05.19"]
[Round "2"]
[White "Menke, Xaver Louis"]
[Black "Egert, Niilo"]
[Result "1/2-1/2"]
[Termination "normal"]
[Board "26"]
[WhiteElo "1324"]
[BlackElo "1105"]
[WhiteClock "00:50:28"]
[BlackClock "01:17:05"]
[PlyCount "119"]
[WhiteFideId "34663134"]
[BlackFideId "533001774"]
[EventCountry "GER"]
[EventRounds "11"]
[EventType "swiss"]
[EventDate "2024.05.18"]

1. e4 {[%clk 01:15:57]} {[%emt 00:00:02]} e5 {[%clk 01:15:49]} {[%emt
00:00:11]} 2. Nf3 {[%clk 01:15:37]} {[%emt 00:00:50]} Nc6 {[%clk 01:16:10]}
{[%emt 00:00:10]} 3. Bc4 {[%clk 01:15:13]} {[%emt 00:00:54]} h6 {[%clk
01:15:57]} {[%emt 00:00:43]} 4. Nc3 {[%clk 01:14:40]} {[%emt 00:01:02]} Nf6
{[%clk 01:16:12]} {[%emt 00:00:15]} 5. d3 {[%clk 01:14:29]} {[%emt 00:00:42]}
Bc5 {[%clk 01:16:25]} {[%emt 00:00:17]} 6. Be3 {[%clk 01:13:42]} {[%emt
00:01:16]} Bb6 {[%clk 01:16:36]} {[%emt 00:00:20]} 7. O-O {[%clk 01:12:01]}
{[%emt 00:02:05]} d6 {[%clk 01:16:52]} {[%emt 00:00:21]} 8. Ne2 {[%clk
01:11:52]} {[%emt 00:00:38]} Bg4 {[%clk 01:17:08]} {[%emt 00:00:14]} 9. Nd2
{[%clk 01:11:28]} {[%emt 00:00:50]} O-O {[%clk 01:17:21]} {[%emt 00:00:20]} 10.
Bxb6 {[%clk 01:10:39]} {[%emt 00:01:19]} axb6 {[%clk 01:17:36]} {[%emt
00:00:16]} 11. f3 {[%clk 01:09:47]} {[%emt 00:01:21]} Be6 {[%clk 01:17:52]}
{[%emt 00:00:15]} 12. Bb3 {[%clk 01:09:43]} {[%emt 00:00:33]} Bxb3 {[%clk
01:17:48]} {[%emt 00:00:35]} 13. axb3 {[%clk 01:09:35]} {[%emt 00:00:38]} d5
{[%clk 01:17:58]} {[%emt 00:00:20]} 14. Rxa8 {[%clk 01:08:29]} {[%emt
00:01:36]} Qxa8 {[%clk 01:18:19]} {[%emt 00:00:09]} 15. Qe1 {[%clk 01:07:49]}
{[%emt 00:01:10]} Ne7 {[%clk 01:17:31]} {[%emt 00:01:19]} 16. Qg3 {[%clk
01:07:12]} {[%emt 00:01:04]} Ng6 {[%clk 01:17:42]} {[%emt 00:00:21]} 17. f4
{[%clk 01:06:44]} {[%emt 00:00:58]} Nh5 {[%clk 01:17:23]} {[%emt 00:00:49]} 18.
Qg4 {[%clk 01:06:06]} {[%emt 00:01:06]} Nhxf4 {[%clk 01:17:34]} {[%emt
00:00:21]} 19. Nxf4 {[%clk 01:05:25]} {[%emt 00:01:10]} Nxf4 {[%clk 01:17:42]}
{[%emt 00:00:23]} 20. g3 {[%clk 01:05:17]} {[%emt 00:00:37]} Ng6 {[%clk
01:17:55]} {[%emt 00:00:18]} 21. exd5 {[%clk 01:05:03]} {[%emt 00:00:44]} Qa5
{[%clk 01:17:33]} {[%emt 00:00:52]} 22. Ne4 {[%clk 01:04:23]} {[%emt 00:01:10]}
Qxd5 {[%clk 01:17:46]} {[%emt 00:00:17]} 23. Rf6 {[%emt 00:01:16]} Qd4+ {[%emt
00:00:15]} 24. Rf2 {[%clk 01:03:00]} {[%emt 00:00:21]} Qxb2 {[%clk 01:16:47]}
{[%emt 00:01:31]} 25. h4 {[%clk 01:02:52]} {[%emt 00:00:37]} Qc1+ {[%clk
01:16:51]} {[%emt 00:00:26]} 26. Kg2 {[%clk 01:02:17]} {[%emt 00:01:04]} Ne7
{[%clk 01:16:04]} {[%emt 00:01:18]} 27. Nf6+ {[%clk 01:02:06]} {[%emt
00:00:41]} Kh8 {[%clk 01:16:16]} {[%emt 00:00:18]} 28. Nd7 {[%clk 01:02:08]}
{[%emt 00:00:28]} Nd5 {[%clk 01:15:33]} {[%emt 00:01:14]} 29. Kh2 {[%clk
01:01:18]} {[%emt 00:01:19]} Ne3 {[%clk 01:15:18]} {[%emt 00:00:45]} 30. Qf3
{[%clk 01:01:12]} {[%emt 00:00:34]} Rg8 {[%clk 01:14:49]} {[%emt 00:01:01]} 31.
Nxe5 {[%clk 01:00:46]} {[%emt 00:00:56]} f6 {[%clk 01:14:33]} {[%emt 00:00:47]}
32. Nf7+ {[%clk 00:58:53]} {[%emt 00:02:23]} Kh7 {[%clk 01:14:57]} {[%emt
00:00:05]} 33. Re2 {[%clk 00:57:59]} {[%emt 00:01:24]} Nf1+ {[%clk 01:15:14]}
{[%emt 00:00:14]} 34. Kg2 {[%clk 00:57:59]} {[%emt 00:00:26]} Nd2 {[%clk
01:15:13]} {[%emt 00:00:34]} 35. Qf2 {[%clk 00:57:02]} {[%emt 00:01:26]} Nb1
{[%clk 01:15:15]} {[%emt 00:00:29]} 36. Qf5+ {[%clk 00:56:46]} {[%emt
00:00:46]} g6 {[%clk 01:15:22]} {[%emt 00:00:22]} 37. Qxf6 {[%clk 00:57:03]}
{[%emt 00:00:13]} Qd1 {[%clk 01:14:38]} {[%emt 00:01:15]} 38. Rf2 {[%clk
00:56:36]} {[%emt 00:00:57]} Qh5 {[%clk 01:14:36]} {[%emt 00:00:32]} 39. Qb2
{[%clk 00:56:23]} {[%emt 00:00:43]} Rg7 {[%clk 01:14:14]} {[%emt 00:00:51]} 40.
Qxb1 {[%clk 00:55:02]} {[%emt 00:01:51]} Qd5+ {[%clk 01:14:35]} {[%emt
00:00:10]} 41. Kg1 {[%clk 00:54:56]} {[%emt 00:00:34]} Qd4 {[%clk 01:14:15]}
{[%emt 00:00:52]} 42. Kg2 {[%clk 00:54:00]} {[%emt 00:01:24]} Qd5+ {[%clk
01:14:30]} {[%emt 00:00:17]} 43. Kg1 {[%clk 00:54:12]} {[%emt 00:00:17]} Rxf7
{[%clk 01:14:53]} {[%emt 00:00:08]} 44. Rxf7+ {[%clk 00:54:31]} {[%emt
00:00:10]} Qxf7 {[%clk 01:15:17]} {[%emt 00:00:06]} 45. Qf1 {[%clk 00:54:49]}
{[%emt 00:00:12]} Qe7 {[%clk 01:14:57]} {[%emt 00:00:49]} 46. Kh2 {[%clk
00:54:15]} {[%emt 00:01:04]} Kg7 {[%clk 01:15:00]} {[%emt 00:00:28]} 47. Qa1+
{[%clk 00:54:23]} {[%emt 00:00:23]} Kf7 {[%clk 01:15:10]} {[%emt 00:00:19]} 48.
Qf1+ {[%clk 00:54:05]} {[%emt 00:00:48]} Ke8 {[%clk 01:15:26]} {[%emt
00:00:14]} 49. Qf4 {[%clk 00:53:37]} {[%emt 00:00:57]} Qe2+ {[%clk 01:15:47]}
{[%emt 00:00:11]} 50. Kh3 {[%clk 00:52:41]} {[%emt 00:01:11]} Qe6+ {[%clk
01:16:00]} {[%emt 00:00:31]} 51. Qg4 {[%clk 00:52:02]} {[%emt 00:01:08]} Qxg4+
{[%clk 01:16:00]} {[%emt 00:00:30]} 52. Kxg4 {[%clk 00:52:22]} {[%emt
00:00:10]} Kf7 {[%clk 01:16:19]} {[%emt 00:00:12]} 53. Kf4 {[%clk 00:52:14]}
{[%emt 00:00:37]} Ke6 {[%clk 01:16:15]} {[%emt 00:00:34]} 54. c3 {[%clk
00:52:28]} {[%emt 00:00:17]} b5 {[%clk 01:16:27]} {[%emt 00:00:18]} 55. d4
{[%clk 00:51:48]} {[%emt 00:01:10]} b6 {[%clk 01:16:25]} {[%emt 00:00:32]} 56.
Ke4 {[%clk 00:51:16]} {[%emt 00:01:01]} c5 {[%clk 01:16:32]} {[%emt 00:00:24]}
57. d5+ {[%clk 00:51:27]} {[%emt 00:00:18]} Kd6 {[%clk 01:16:50]} {[%emt
00:00:12]} 58. c4 {[%clk 00:51:33]} {[%emt 00:00:24]} bxc4 {[%clk 01:16:40]}
{[%emt 00:00:41]} 59. bxc4 {[%clk 00:51:55]} {[%emt 00:00:08]} h5 {[%clk
01:17:05]} {[%emt 00:00:05]} 60. Kf4 {[%clk 00:50:28]} 1/2-1/2